| 000 | 01067nam a22003257a 4500 | ||
|---|---|---|---|
| 003 | CHAP | ||
| 005 | 20220329135003.0 | ||
| 008 | 971013s1981 r 00010 d | ||
| 010 | _a29114 | ||
| 011 | _a30086 | ||
| 035 | _a34198 | ||
| 040 | _cCHAP | ||
| 082 |
_a544.84 _bM2Y |
||
| 100 | 0 | 0 |
_aMcNair, Harold. _973718 |
| 245 | _aCromatografía de gases | ||
| 260 |
_aWashington : _bOrganización de los Estados Americanos, _c1981 |
||
| 300 |
_a90 p. _b: ilus. ; gráfs |
||
| 490 |
_aSerie química. Monografía _v; 23 |
||
| 590 |
_aBATCH-UPD _b10 _c20130110 _lUCH01 _h1125 |
||
| 590 |
_aBATCH-UPD _b10 _c20130410 _lUCH01 _h0714 |
||
| 590 |
_aBATCH-UPD _b10 _c20130914 _lUCH01 _h0343 |
||
| 590 |
_aCONVERSION _b10 _c20130109 _lUCH01 _h1317 |
||
| 650 | 1 | 4 |
_aAnálisis cromatográfico. _95964 |
| 650 | 1 | 4 |
_aGases. _947216 |
| 830 | 0 |
_aSerie química. Monografía _v; 23 _9105018 |
|
| 901 | _aBK | ||
| 942 | _cLIBRO | ||
| 949 |
_a544.84 M2Y _bBC _cLIBRO _d33724000389839 _eLIBRO _fc.2 _h92096 _i34198 _si |
||
| 949 |
_a544.84 M2Y _bBC _cLIBRO _d33724000663555 _eLIBRO _h56236 _i34198 _si |
||
| 999 |
_c29114 _d29114 |
||